000
00301nam a22001337a 4500
008
171124b xxu||||| |||| 00| 0 eng d
020
_a
9780313306020
041
_a
eng
080
_a
32
100
_a
19
101
_a
POL
245
_a
LANDMARK SUPREME COURT CASES
_c
DONALD.E.L
942
_2
udc
_c
BK
999
_c
38503
_d
38503